000
00295nam a2200109Ia 4500
008
220204s9999 xx 000 0 und d
082
_a
82-94
_b
BAL
100
_a
BALAKRISHNA MARAR, NE
245
0
_a
Kanneerinte madhuryam (Malayalam)
260
_a
Kozhikode
_b
Poorna publications
_c
2004
942
_c
BK
999
_c
44670
_d
44670